| 000 | 00666nam a22002175i 4500 | ||
|---|---|---|---|
| 001 | 168706 | ||
| 003 | ES-MaACL | ||
| 005 | 20230906213850.0 | ||
| 008 | 080519s2007 sp af |||| |dspa d | ||
| 020 | _a978-84-01-37981-9 | ||
| 080 | _a070.42-055.2(460) | ||
| 100 | 1 |
_aGarcía-Albi, Inés. _9137795 |
|
| 245 | 1 | 0 |
_aNosotras que contamos _b: mujeres periodistas en España / _cInés García-Albi. |
| 250 | _a1ªed. | ||
| 260 |
_aBarcelona : _bPlaza y Janés, _c2007. |
||
| 300 |
_a261 p., 16 p. de lám. col. ; _c24 cm. |
||
| 500 | _aÍndice. | ||
| 504 | _aBibliografía. | ||
| 650 | 4 |
_aMujeres periodistas- _zEspaña. _9137797 |
|
| 852 |
_aES-MaACL _jL-29497 |
||
| 999 |
_c168706 _d168706 |
||